书目信息 |
| 题名: |
排水管网危害气体控制原理及技术
|
|
| 作者: | 卢金锁 , 张志强 , 王社平 , 袁宏林 著 | |
| 分册: | ||
| 出版信息: | 北京 科学出版社 2021.02 |
|
| 页数: | 305页 | |
| 开本: | 24cm | |
| 丛书名: | ||
| 单 册: | ||
| 中图分类: | X511 | |
| 科图分类: | ||
| 主题词: | 排水管道--pai shui guan dao--管网--有害气体--污染防治 | |
| 电子资源: | ||
| ISBN: | 978-7-03-067304-6 | |
| 000 | 01518nam0 2200325 450 | |
| 001 | CAL 0120217135873 | |
| 005 | 20210412171150.8 | |
| 010 | @a978-7-03-067304-6@dCNY139.00 | |
| 092 | @aCN@bRt970-1760 | |
| 100 | @a20210410d2021 em y0chiy0120 ea | |
| 101 | 0 | @achi |
| 102 | @aCN@b110000 | |
| 105 | @aak a 000yy | |
| 106 | @ar | |
| 200 | 1 | @a排水管网危害气体控制原理及技术@Apai shui guan wang wei hai qi ti kong zhi yuan li ji ji shu@f卢金锁 ... [等] 著 |
| 210 | @a北京@c科学出版社@d2021.02 | |
| 215 | @a305页@c图@d24cm | |
| 304 | @a题名页题其余责任者: 张志强, 王社平, 袁宏林 | |
| 320 | @a有书目 | |
| 330 | @a本书从城镇排水功能需求、管网系统构架和历史发展过程出发, 以分流制污水管道和雨污合流管道为主要对象, 总结分析了管道内环境特征及其作用下的危害性气体产生、扩散及传质原理, 阐述了管道内常见气体的危害性质及现场和实验室监测分析方法 ; 基于管道液相中微生物参与下气体产生、液相扩散、气液传质及气相扩散等危害气体的形成路径, 总结分析了切断不同途径的危害气体控制理论与技术 ; 从我国城市建筑与污水管道建设特征出发, 着重论述了强化管道自然通风控制危害气体的技术措施、控制机理和控制效能, 总结了排水管网危害气体控制技术的工程化实施案例。 | |
| 606 | 0 | @a排水管道@Apai shui guan dao@x管网@x有害气体@x污染防治 |
| 690 | @aX511@v5 | |
| 701 | 0 | @a卢金锁@Alu jin suo@4著 |
| 701 | 0 | @a张志强@Azhang zhi qiang@4著 |
| 701 | 0 | @a王社平@Awang she ping@4著 |
| 701 | 0 | @a袁宏林@Ayuan hong lin@4著 |
| 801 | 0 | @aCN@b人天书店@c20210410 |
| 901 | @a科学出版社 | |
| 905 | @aTSG@b0001936@dX511@eL784@f1 | |
| 997 | @a期货 | |
| 排水管网危害气体控制原理及技术/卢金锁 ... [等] 著.-北京:科学出版社,2021.02 |
| 305页:图;24cm |
| ISBN 978-7-03-067304-6:CNY139.00 |
| 本书从城镇排水功能需求、管网系统构架和历史发展过程出发, 以分流制污水管道和雨污合流管道为主要对象, 总结分析了管道内环境特征及其作用下的危害性气体产生、扩散及传质原理, 阐述了管道内常见气体的危害性质及现场和实验室监测分析方法 ; 基于管道液相中微生物参与下气体产生、液相扩散、气液传质及气相扩散等危害气体的形成路径, 总结分析了切断不同途径的危害气体控制理论与技术 ; 从我国城市建筑与污水管道建设特征出发, 着重论述了强化管道自然通风控制危害气体的技术措施、控制机理和控制效能, 总结了排水管网危害气体控制技术的工程化实施案例。 |
| ● |
| 相关链接 |
|
|
|
正题名:排水管网危害气体控制原理及技术
索取号:X511/L784
 
预约/预借
| 序号 | 登录号 | 条形码 | 馆藏地/架位号 | 状态 | 备注 |
| 1 | 1549613 | 215496130 | 自科库501/501自科库 99排2列3层/ [索取号:X511/L784] | 在馆 |